Rome Movies by Picture - Statistics

General Stats
  • This quiz has been taken 490 times
  • The average score is 8 of 16
Answer Stats
Picture Answer % Correct
Gladiator
85%
John Wick: Chapter 2
76%
Spartacus
73%
Spectre
68%
Ben-Hur
67%
Asterix Versus Caesar
64%
Roman Holiday
62%
Zoolander 2
62%
Mission: Impossible III
61%
Angels & Demons
54%
The Talented Mr. Ripley
49%
Madagascar 3: Europe's Most Wanted
41%
La Dolce Vita
30%
Bicycle Thieves
27%
The Great Beauty
12%
To Rome With Love
4%
No matching quizzes found
Score Distribution
Percent of People with Each Score
Percentile by Number Answered
Your Score History
You have not taken this quiz